| 000 | 00968nam a2200181Ia 4500 | ||
|---|---|---|---|
| 008 | 151202s9999||||xx |||||||||||||| ||und|| | ||
| 082 | _bPNVM-74648 | ||
| 100 | _aअंबिके मनोज. | ||
| 245 | _aप्रतिसाद-व्यवस्थापकीय संघर्षावर आध्यात्मिक विजयाची यशोगाथा. | ||
| 260 | _b"मिरर पब्लिशिंग,पुणे." | ||
| 260 | _c74648 | ||
| 300 | _a392 | ||
| 600 | _aअंबिके मनोज. | ||
| 630 | _aप्रतिसाद-व्यवस्थापकीय संघर्षावर आध्यात्मिक विजयाची यशोगाथा. | ||
| 700 | _aअंबिके मनोज. | ||
| 730 | _aप्रतिसाद-व्यवस्थापकीय संघर्षावर आध्यात्मिक विजयाची यशोगाथा. | ||
| 942 | _cBOOK | ||
| 999 |
_c1341308 _d1341305 |
||